000 00177nam a2200073Ia 4500
008 170817s9999 xx 000 0 und d
100 _aVASHIST S. R.
245 0 _aCLASSROOM ADMINISTRATION
260 _bANMOL PUB.
999 _c37964
_d37964